| 000 | | | 03623nmc2a22002411x 450 |
| 001 | | | 7e70cb4f-7b50-4807-a7f7-bab0608e5824 |
| 005 | | | 20131123115551.0 |
| 100 | ## | $a | 20130717l19111916k y0rusy50 ca |
| 101 | 0# | $a | rus |
| 102 | ## | $a | RU |
| 105 | ## | $a | a z ||||| |
| 200 | 1# | $a | Программы, расписания занятий и ведомость об успехах воспитанников Санкт-Петербургского училища правоведения |
| | $j | 1911-1916 |
| 215 | ## | $a | 145 листов |
| | $c | табл. |
| 251 | ## | $c | Дело |
| 300 | ## | $a | Часть текста рукописная, часть - машинописная |
| 330 | ## | $a | Г. Педагогическая деятельность Б. В. Никольского |
| 461 | #0 | $1 | 0011c5950b4-9b17-43ad-92f1-e565a07ae223 |
| | $1 | 2001 |
| | $a | Никольский Борис Владимирович, историк права, профессор Юрьевского и Петербургского университетов, один из руководителей главного совета "Русского собрания", поэт, критик |
| | $1 | 251 |
| | $c | Фонд |
| | $1 | 852 |
| | $j | 588 |
| 462 | #0 | $1 | 001855f2cb0-80f8-42f6-88fa-41bf4837b2b7 |
| | $1 | 2001 |
| | $a | Никольский Борис Владимирович. 1837-1919 гг. |
| | $1 | 251 |
| | $c | Опись |
| | $1 | 852 |
| | $j | 1 |
| 600 | #1 | $a | Никольский |
| | $b | Б. В. |
| | $g | Борис Владимирович |
| 601 | 02 | $3 | RU\NLR\AUTH\889945605 |
| | $a | Императорское училище правоведения |
| | $c | Санкт-Петербург |
| 801 | #0 | $a | RU |
| | $b | GA_RF |
| 801 | #1 | $a | RU |
| | $b | НПО Опыт |
| | $c | 20130717 |
| | $2 | rusmarc |
| 801 | #2 | $a | RU |
| | $b | ПБ им. Б.Н. Ельцина |
| | $c | 20131123 |
| | $g | RCR |
| | $2 | rusmarc |
| 852 | ## | $a | ГА РФ |
| | $j | 1376 |
| 937 | ## | $d | 41994075 |
| | $h | ПБ |
| 035 | ## | $a | RuPRLIB51009364 |